Elenca la formazione - Quiz n°63 - Statistics

Statistiche generali
  • Questo quiz è stato fatto 102 volte
  • Il punteggio medio è 9 su 11
Statistiche sulle risposte
Ruolo Nazione Calciatore % Corretto
Portiere Italia Gianluigi Donnarumma
99%
Attaccante Svezia Zlatan Ibrahimović
96%
Centrocampista Costa d'Avorio Frankie Franck Kessié
94%
Difensore Francia Theo Hernandez
94%
Difensore Danimarca Simon Kjær
92%
Centrocampista Algeria Ismaël Bennacer
89%
Difensore Italia Alessio Romagnoli
86%
Ala Croazia Ante Rebić
84%
Trequartista Brasile Lucas Paquetá
81%
Ala Belgio Alexis Saelemaekers
80%
Difensore Italia Andrea Conti
41%
Nessun quiz corrispondente trovato
Distribuzione punteggi
Percentuale di utenti per punteggio
Percentile per numero di risposta
I tuoi punteggi nel tempo
Non hai fatto questo quiz